00644nam a22001457a 4500020001800000082001700018100002100035245010100056260005600157300002700213942001300240999001500253952011500268952011500383 a9789993615187 222a495.4416 aWangchuk Rinzin, aNge ma ley druk gi lung chog tsu nang laab syel ye pai ming tsig gi tha nge ling bui dang yang / aThimphu,bDzongkahg Development Commission,cc2012. a87p. ;bill. ;c20 cm. 2ddccGEN c2604d2604 00102ddc40708NFICaLIB001bLIB001d2014-07-01l0o495.4416p38587r2014-07-01 00:00:00t1w2014-07-01yGEN 00102ddc40708NFICaLIB001bLIB001d2014-07-01l0o495.4416p38588r2014-07-01 00:00:00t1w2014-07-01yGEN